header

Customer loyalty programmes and clubs (Record no. 173370)

MARC details
000 -LEADER
fixed length control field 01347nam a22003374a 4500
082 04 - DEWEY DECIMAL CLASSIFICATION NUMBER
Classification number 658.8/12
100 1# - MAIN ENTRY--AUTHOR NAME
Personal name Butscher, Stephan A.
245 10 - TITLE STATEMENT
Title Customer loyalty programmes and clubs
250 ## - EDITION STATEMENT
Edition statement 2nd ed.
260 ## - PUBLICATION, DISTRIBUTION, ETC. (IMPRINT)
Place of publication Aldershot, England ;
-- Burlington, VT :
Name of publisher Gower,
Year of publication c2002.
300 ## - PHYSICAL DESCRIPTION
Number of Pages xiv, 206 p. :
Other physical details ill.
500 ## - GENERAL NOTE
General note Rev. ed. of: Customer clubs and loyalty programmes, 1998.
650 #0 - SUBJECT ADDED ENTRY--TOPICAL TERM
Topical Term Customer clubs.
Topical Term Customer loyalty programs.
700 1# - ADDED ENTRY--PERSONAL NAME
Personal name Butscher, Stephan A.
856 40 - ELECTRONIC LOCATION AND ACCESS
Uniform Resource Identifier http://site.ebrary.com/lib/rucke/Doc?id=10046819

No items available.

© 2026 Rongo University
Contact us: librarian | system librarian | Rongo university